Projektive ebenen

Αποθηκεύτηκε σε:
Λεπτομέρειες βιβλιογραφικής εγγραφής
Κύριος συγγραφέας: Pickert, Gunter 1917-
Μορφή: Βιβλίο
Γλώσσα:German
Δημοσίευση: Berlin : Springer-Verlag, 1975
Έκδοση:2. Aufl.
Σειρά:Grundlehren der mathematischen Wissenschaften in Einzeldarstellungen mit besonderer Berucksichtigung der Anwendungsgebiete ; ; 80
Θέματα:
Ετικέτες: Προσθήκη ετικέτας
Δεν υπάρχουν, Καταχωρήστε ετικέτα πρώτοι!

MARC

LEADER 00000nam a2200000 i 4500
001 1/53126
008 980827s1975 ger d
020 |a 3-540-07280-2 
035 |l 10044622 
040 |a GR-MY-UA  |b gre  |e aacr 
041 0 |a ger 
082 0 |a 516.5 
100 1 |a Pickert, Gunter  |d 1917- 
245 1 0 |a Projektive ebenen /  |c Gunter Pickert 
250 |a 2. Aufl. 
260 |a Berlin :   |b Springer-Verlag,   |c 1975 
300 |a ix, 371 p.;  |c 24 cm. 
490 1 |a Grundlehren der mathematischen Wissenschaften in Einzeldarstellungen mit besonderer Berucksichtigung der Anwendugsgebiete  |v ; 80 
500 |a Includesw bibliography and index 
650 0 0 |a Projective planes. 
830 0 |a Grundlehren der mathematischen Wissenschaften in Einzeldarstellungen mit besonderer Berucksichtigung der Anwendungsgebiete ;  |v ; 80 
852 |a INST  |b SAMOS  |e 19980827  |h 516.5 PIC  |p 005300009642  |q 005300009642  |t BK  |y 0 
901 |a BIBL-1998-2 
909 |a Σ  |b 041578 
922 |a 3ΕΛΗ  |b 199808  |c ΒΙΒΛΙΟΘΗΚΗ  |d ΚΩΣΤΑΡΑΚΗΣ